000
00298nam a2200133Ia 4500
100
_a
University of Mumbai
650
_a
Compendium
942
_c
BK
245
_a
Compendium vol. 3
260
_b
University of Mumbai
_c
2009
082
_a
378.155
_b
UNI
546
_a
ENGLISH
_c
Computers
999
_c
25775
_d
25775